[Event "Ulaanbaatar MICA op"]
[Site "Ulaanbaatar"]
[Date "2023.10.30"]
[Round "5"]
[White "Lkhagva, Jambaldoo"]
[Black "Batsaikhan, Begz"]
[Result "0-1"]
[WhiteElo "2030"]
[BlackElo "2007"]
[PlyCount "100"]
[EventDate "2023.10.27"]
[EventType "swiss"]
[EventRounds "9"]
[EventCountry "MGL"]
[SourceTitle "CB48_2023"]
[SourceDate "2023.11.29"]
[SourceVersion "1"]
[SourceVersionDate "2023.11.29"]
[SourceQuality "1"]

1. e4 c5 2. d4 cxd4 3. c3 dxc3 4. Nxc3 Nc6 5. Nf3 e6 6. Bf4 a6 7. Rc1 Bb4 8. a3 Bxc3+ 9. Rxc3 Nge7 10. Bd6 0-0 11. Bd3 b5 12. Bb1 f6 13. 0-0 Bb7 14. Re1 Re8 15. Rd3 Na5 16. b3 Nc8 17. Bc5 Bc6 18. Nd4 Qc7 19. b4 Nb7 20. Rh3 g6 21. Rc3 Nxc5 22. Rxc5 e5 23. Ba2+ Kh8 24. Nxc6 dxc6 25. Qc1 Na7 26. h4 Qe7 27. h5 g5 28. Rc3 Rad8 29. Qe3 Rd4 30. Rec1 Qe6 31. Qf3 Kg7 32. Bb3 Re7 33. g3 Red7 34. Kg2 Qe7 35. Rh1 h6 36. Rhc1 R7d6 37. g4 Qd7 38. R1c2 Nc8 39. Rc1 Ne7 40. Bc2 Rd2 41. Re1 Qa7 42. Qe3 R2d4 43. Rc5 a5 44. Rb1 axb4 45. axb4 Qd7 46. Qf3 Rd2 47. Rc3 Qa7 48. Rc5 Qa2 49. Qc3 Qe6 50. Qf3 R6d4 0-1

[Event "Ulaanbaatar MICA op"]
[Site "Ulaanbaatar"]
[Date "2023.10.27"]
[Round "1"]
[White "Lkhagva, Jambaldoo"]
[Black "Agibileg, Uurtsaikh"]
[Result "0-1"]
[WhiteElo "2030"]
[BlackElo "2441"]
[PlyCount "96"]
[EventDate "2023.10.27"]
[EventType "swiss"]
[EventRounds "9"]
[EventCountry "MGL"]
[SourceTitle "CB48_2023"]
[SourceDate "2023.11.29"]
[SourceVersion "1"]
[SourceVersionDate "2023.11.29"]
[SourceQuality "1"]

1. e4 e5 2. f4 d5 3. exd5 exf4 4. Nf3 Nf6 5. Bb5+ c6 6. dxc6 Nxc6 7. d4 Bd6 8. Qe2+ Be6 9. Ng5 0-0 10. Nxe6 fxe6 11. Bxc6 bxc6 12. 0-0 Kh8 13. Bxf4 Bxf4 14. Rxf4 Qb8 15. Qf1 Qxb2 16. Nd2 Qxc2 17. Nb3 Nd7 18. Rf2 Qxf2+ 19. Qxf2 Rxf2 20. Kxf2 Kg8 21. Rc1 Rc8 22. Na5 c5 23. dxc5 Rxc5 24. Rxc5 Nxc5 25. Ke3 Kf7 26. Kd4 Nd7 27. Nc6 a6 28. Nb4 Nb8 29. Kc5 Ke7 30. a4 Kd7 31. Kb6 e5 32. a5 Kc8 33. Nc2 e4 34. Ne3 Kd7 35. Kb7 Nc6 36. Kxa6 Kd6 37. Kb5 Nxa5 38. Kxa5 Kc5 39. Ka4 Kd4 40. Nf5+ Kc4 41. Nd6+ Kd3 42. Kb4 e3 43. Nc4 e2 44. Ne5+ Kd2 45. h4 e1Q 46. Nf3+ Ke2+ 47. Nxe1 Kxe1 48. h5 h6 0-1

[Event "Ulaanbaatar Mica op"]
[Site "Ulaanbaatar"]
[Date "2022.06.21"]
[Round "8"]
[White "Lkhagva, Jambaldoo"]
[Black "Zol Uchral, Erdenesaikhan"]
[Result "1-0"]
[WhiteElo "2071"]
[BlackElo "1134"]
[PlyCount "105"]
[EventDate "2022.06.17"]
[EventType "swiss"]
[EventRounds "9"]
[EventCountry "MGL"]
[SourceTitle "EXT 2023"]
[Source "ChessBase"]
[SourceDate "2022.10.05"]
[SourceVersion "1"]
[SourceVersionDate "2022.10.05"]
[SourceQuality "1"]

1. e4 c5 2. Nf3 d6 3. d4 cxd4 4. Nxd4 Nf6 5. Nc3 a6 6. Bc4 e6 7. Bb3 Be7 8. f4 0-0 9. f5 exf5 10. Nxf5 Bxf5 11. exf5 Qb6 12. Qf3 Re8 13. Be3 Bd8 14. Kd2 Qc7 15. Rae1 Nc6 16. h3 Ne5 17. Qf4 Qc6 18. g4 Nf3+ 19. Kd1 Nxe1 20. Rxe1 Ne4 21. Nd5 Nc5 22. Nb4 Qd7 23. Bd5 a5 24. Nd3 Nxd3 25. cxd3 Qb5 26. Qc4 Qxc4 27. dxc4 Rb8 28. Kd2 a4 29. Rb1 Ba5+ 30. Kd3 Bb4 31. Ba7 Rbc8 32. g5 g6 33. Rf1 Rc7 34. Bd4 Re1 35. Rf4 Rd1+ 36. Ke2 Re1+ 37. Kf2 Rce7 38. fxg6 R7e2+ 39. Kg3 Re3+ 40. Bxe3 Rxe3+ 41. Kg4 Re7 42. gxh7+ Kxh7 43. Rxf7+ Rxf7 44. Bxf7 a3 45. bxa3 Bxa3 46. h4 Kg7 47. Bd5 b6 48. h5 Bb2 49. h6+ Kh8 50. g6 Bd4 51. g7+ Bxg7 52. hxg7+ Kxg7 53. Kf5 1-0

[Event "Ulaanbaatar Mica op"]
[Site "Ulaanbaatar"]
[Date "2022.06.19"]
[Round "5"]
[White "Dulguun, Chadraabal"]
[Black "Lkhagva, Jambaldoo"]
[Result "0-1"]
[WhiteElo "1344"]
[BlackElo "2071"]
[PlyCount "120"]
[EventDate "2022.06.17"]
[EventType "swiss"]
[EventRounds "9"]
[EventCountry "MGL"]
[SourceTitle "EXT 2023"]
[Source "ChessBase"]
[SourceDate "2022.10.05"]
[SourceVersion "1"]
[SourceVersionDate "2022.10.05"]
[SourceQuality "1"]

1. d4 Nf6 2. c4 e6 3. Nc3 Bb4 4. Bd2 0-0 5. Nf3 c5 6. e3 Bxc3 7. Bxc3 Ne4 8. Qc2 Nxc3 9. Qxc3 d6 10. Be2 Nc6 11. Rd1 Qf6 12. d5 Qxc3+ 13. bxc3 Na5 14. Ng5 e5 15. Ne4 Rd8 16. g4 f6 17. h4 b6 18. h5 h6 19. f4 exf4 20. exf4 Ba6 21. g5 fxg5 22. fxg5 Bxc4 23. gxh6 Re8 24. Bf3 Re5 25. hxg7 Rae8 26. h6 Rxe4+ 27. Bxe4 Rxe4+ 28. Kd2 Kh7 29. Rdg1 Bxd5 30. g8Q+ Bxg8 31. Rg7+ Kh8 32. h7 Nc4+ 33. Kc1 Bd5 34. Rhg1 Re1+ 35. Rxe1 Kxg7 36. Re7+ Kh8 37. Rxa7 Be4 38. Rf7 Bxh7 39. Rf4 Bd3 40. Rf3 Be4 41. Rf4 d5 42. Kd1 Kg7 43. Ke2 Nd6 44. Ke3 Nf5+ 45. Kd2 Kf6 46. Rg4 Ke5 47. Rg6 Nd6 48. Rh6 b5 49. Rh5+ Bf5 50. Rh1 Ne4+ 51. Ke3 Nxc3 52. Rc1 d4+ 53. Kd2 b4 54. Re1+ Kd6 55. Rf1 Be6 56. Kc2 Nxa2 57. Ra1 b3+ 58. Kb2 c4 59. Rd1 c3+ 60. Ka3 c2 0-1

[Event "Ulaanbaatar Mica op 2nd"]
[Site "Ulaanbaatar"]
[Date "2022.03.24"]
[Round "3"]
[White "Lkhagva, Jambaldoo"]
[Black "Danzanjunai, Ganbat"]
[Result "0-1"]
[WhiteElo "2114"]
[BlackElo "1578"]
[PlyCount "60"]
[EventDate "2022.03.23"]
[EventType "swiss"]
[EventRounds "9"]
[EventCountry "MGL"]
[SourceTitle "CBM 207 Extra"]
[Source "ChessBase"]
[SourceDate "2022.05.31"]
[SourceVersion "1"]
[SourceVersionDate "2022.05.31"]
[SourceQuality "1"]

1. e4 c6 2. h3 d5 3. e5 Bf5 4. g4 Be4 5. f3 Bg6 6. d3 e6 7. h4 h5 8. g5 Ne7 9. f4 Nd7 10. Be2 Nf5 11. c3 Qb6 12. Qb3 Qc7 13. Kf2 Bc5+ 14. d4 Bxd4+ 15. cxd4 Nxd4 16. Qd1 Nc2 17. Na3 Qb6+ 18. Kg3 Nxa1 19. Nh3 0-0-0 20. Nf2 f6 21. exf6 gxf6 22. Bd3 Bxd3 23. Qxd3 e5 24. b3 exf4+ 25. Bxf4 fxg5 26. hxg5 Rhf8 27. Qe3 Qb4 28. Rxa1 h4+ 29. Kg4 Rxf4+ 30. Qxf4 Ne5+ 0-1

[Event "Ulaanbaatar Mica op 2nd"]
[Site "Ulaanbaatar"]
[Date "2022.03.23"]
[Round "2"]
[White "Bayasgalan, Khishigbaatar"]
[Black "Lkhagva, Jambaldoo"]
[Result "1/2-1/2"]
[WhiteElo "1640"]
[BlackElo "2114"]
[PlyCount "106"]
[EventDate "2022.03.23"]
[EventType "swiss"]
[EventRounds "9"]
[EventCountry "MGL"]
[SourceTitle "CBM 207 Extra"]
[Source "ChessBase"]
[SourceDate "2022.05.31"]
[SourceVersion "1"]
[SourceVersionDate "2022.05.31"]
[SourceQuality "1"]

1. e4 c5 2. Nf3 Nc6 3. Bb5 g6 4. Bxc6 dxc6 5. d3 Bg7 6. Nc3 e5 7. 0-0 h6 8. Na4 b6 9. b3 Qc7 10. Bb2 Ne7 11. b4 cxb4 12. d4 Ba6 13. Re1 Rd8 14. c3 bxc3 15. Nxc3 exd4 16. Nd5 Qb7 17. Bxd4 0-0 18. Nxe7+ Qxe7 19. e5 c5 20. Qa4 Bb7 21. Bb2 Bd5 22. Re3 Rfe8 23. Rae1 Qd7 24. Qa3 Qb7 25. Nh4 Qe7 26. Nf3 Qe6 27. Ra1 a5 28. Qc3 Bxa2 29. Ne1 Bc4 30. Rc1 Ba6 31. Nf3 Bb7 32. Rce1 Rd7 33. Nd2 Qg4 34. f3 Qb4 35. Nc4 Qxc3 36. Bxc3 Re6 37. Rb1 b5 38. Rxb5 Ba6 39. Rb8+ Kh7 40. Nxa5 Rd3 41. Rxd3 Bxd3 42. f4 g5 43. g3 c4 44. Kf2 gxf4 45. gxf4 f6 46. Rb5 fxe5 47. fxe5 Kg6 48. Rc5 Kf5 49. Nxc4 Bxc4 50. Rxc4 Bxe5 51. Rc5 Ke4 52. Rxe5+ Rxe5 53. Bxe5 Kxe5 1/2-1/2

[Event "Asian-ch Seniors 65"]
[Site "Chess.com INT"]
[Date "2020.07.20"]
[Round "2.2"]
[White "Nukin, Tolegen"]
[Black "Lkhagva, Jambaldoo"]
[Result "0-1"]
[WhiteElo "2156"]
[BlackElo "1970"]
[PlyCount "30"]
[EventDate "2020.07.20"]
[EventType "swiss"]
[EventRounds "9"]
[EventCountry "UAE"]
[SourceTitle "EXT 2024"]
[Source "ChessBase"]
[SourceDate "2023.10.10"]
[SourceVersion "1"]
[SourceVersionDate "2023.10.10"]
[SourceQuality "1"]

1. e4 e5 2. Nf3 Nc6 3. Bb5 a6 4. Bxc6 dxc6 5. 0-0 f6 6. d4 exd4 7. Nxd4 c5 8. Nb3 Qxd1 9. Rxd1 Bd7 10. Bf4 0-0-0 11. Nc3 Bc6 12. Rxd8+ Kxd8 13. Rd1+ Kc8 14. Na5 Ne7 15. Nxc6 Nxc6 0-1

[Event "MGL-ch"]
[Site "Ulaanbaatar"]
[Date "2009.04.17"]
[Round "11"]
[White "Khatanbaatar, Bazar"]
[Black "Lkhagva, Jambaldoo"]
[Result "1-0"]
[WhiteElo "2403"]
[BlackElo "2213"]
[PlyCount "77"]
[EventDate "2009.04.11"]
[EventType "tourn"]
[EventRounds "17"]
[EventCountry "MGL"]
[EventCategory "2"]
[SourceTitle "CBM 130 Extra"]
[Source "ChessBase"]
[SourceDate "2009.07.02"]
[SourceVersion "2"]
[SourceVersionDate "2009.07.15"]
[SourceQuality "1"]

1. e4 c5 2. Nf3 Nc6 3. Bb5 g6 4. Bxc6 dxc6 5. d3 Bg7 6. h3 e5 7. 0-0 Ne7 8. Be3 b6 9. Qd2 h6 10. a4 a5 11. Na3 Be6 12. Rfe1 Qc7 13. c3 Rd8 14. Qc2 0-0 15. Rad1 Rd7 16. d4 cxd4 17. cxd4 exd4 18. Nxd4 Bxd4 19. Rxd4 Rxd4 20. Bxd4 c5 21. Nb5 Qf4 22. Be3 Qh4 23. Qd2 Nc6 24. Qd6 Rc8 25. Nc7 Qd8 26. Qxd8+ Rxd8 27. Nb5 g5 28. f4 f6 29. h4 gxh4 30. Bf2 Rd2 31. Bxh4 Kf7 32. Nc3 Rxb2 33. f5 Bb3 34. Re3 Ne5 35. Bg3 Rd2 36. Bxe5 fxe5 37. Rh3 Rd6 38. Kh2 Kg7 39. Nb5 1-0

[Event "MGL-ch"]
[Site "Ulaanbaatar"]
[Date "2009.04.17"]
[Round "12"]
[White "Lkhagva, Jambaldoo"]
[Black "Bayarmandakh, Balgan"]
[Result "0-1"]
[WhiteElo "2213"]
[BlackElo "2345"]
[PlyCount "86"]
[EventDate "2009.04.11"]
[EventType "tourn"]
[EventRounds "17"]
[EventCountry "MGL"]
[EventCategory "2"]
[SourceTitle "CBM 130 Extra"]
[Source "ChessBase"]
[SourceDate "2009.07.02"]
[SourceVersion "2"]
[SourceVersionDate "2009.07.15"]
[SourceQuality "1"]

1. Nc3 e5 2. e4 Bc5 3. Nf3 d6 4. Na4 Nd7 5. g3 Ngf6 6. d3 0-0 7. Bg2 c6 8. Nxc5 Nxc5 9. 0-0 Re8 10. h3 b6 11. Re1 Bb7 12. c3 Ba6 13. Bf1 d5 14. Qc2 dxe4 15. dxe4 Bxf1 16. Kxf1 Qd3+ 17. Qxd3 Nxd3 18. Re2 h6 19. Ne1 Rad8 20. Nc2 Nc5 21. f3 Na4 22. Ne3 Rd3 23. Rc2 Nh5 24. Kf2 Nc5 25. b4 Na4 26. Bd2 Red8 27. Be1 b5 28. Ke2 Nf6 29. a3 Nb6 30. g4 Nc4 31. Nd1 Ne8 32. a4 a6 33. axb5 axb5 34. Nf2 Re3+ 35. Kf1 Rxf3 36. Kg2 Rf4 37. Rca2 Nf6 38. Ra8 Rxa8 39. Rxa8+ Kh7 40. Rc8 Nxe4 41. Rxc6 Ne3+ 42. Kg1 Ng5 43. Nd3 Rf1+ 0-1

[Event "MGL-ch"]
[Site "Ulaanbaatar"]
[Date "2009.04.12"]
[Round "4"]
[White "Lkhagva, Jambaldoo"]
[Black "Mungunkhuu, Mijgee"]
[Result "0-1"]
[WhiteElo "2213"]
[BlackElo "2166"]
[PlyCount "86"]
[EventDate "2009.04.11"]
[EventType "tourn"]
[EventRounds "17"]
[EventCountry "MGL"]
[EventCategory "2"]
[SourceTitle "CBM 130 Extra"]
[Source "ChessBase"]
[SourceDate "2009.07.02"]
[SourceVersion "2"]
[SourceVersionDate "2009.07.15"]
[SourceQuality "1"]

1. Nc3 Nf6 2. e4 e5 3. f4 d6 4. Nf3 Nbd7 5. d3 c6 6. g3 Be7 7. Bg2 Qb6 8. Qe2 0-0 9. a4 Re8 10. a5 Qc7 11. 0-0 Nf8 12. Kh1 Bd7 13. Be3 exf4 14. gxf4 d5 15. e5 Ng4 16. Bg1 Nh6 17. Qd2 Ng6 18. Nd4 Nh4 19. Rfe1 Qc8 20. Nf3 N6f5 21. Ne2 Nxf3 22. Bxf3 Nh4 23. Qe3 d4 24. Qf2 Nxf3 25. Qxf3 c5 26. Ng3 Bh4 27. Bf2 Bxg3 28. Qxg3 Re6 29. f5 Rh6 30. Qf4 Bxf5 31. Bg3 Be6 32. b3 Bd5+ 33. Kg1 Qh3 34. Re2 Rg6 35. Qf2 Rg4 36. Qe1 h5 37. Qf1 Rxg3+ 38. hxg3 Qh1+ 39. Kf2 Qh2+ 40. Ke1 Qxg3+ 41. Qf2 Qg4 42. Rc1 Bf3 43. c3 Bxe2 0-1

[Event "Olympiad-30"]
[Site "Manila"]
[Date "1992.06.17"]
[Round "9.3"]
[White "Reyes Larena, Juan"]
[Black "Lkhagva, Jambaldoo"]
[Result "1-0"]
[WhiteElo "2415"]
[BlackElo "2310"]
[PlyCount "119"]
[EventDate "1992.06.08"]
[EventType "team-swiss"]
[EventRounds "14"]
[EventCountry "PHI"]
[SourceTitle "TD"]
[Source "ChessBase"]
[SourceDate "1994.03.01"]
[SourceVersion "1"]
[SourceVersionDate "1994.03.01"]
[SourceQuality "1"]
[WhiteTeam "Peru"]
[BlackTeam "Mongolia"]
[WhiteTeamCountry "PER"]
[BlackTeamCountry "MGL"]

1. e4 e5 2. Nf3 Nc6 3. Bb5 a6 4. Ba4 Nf6 5. d3 b5 6. Bb3 Be7 7. 0-0 d6 8. c3 0-0 9. Re1 Na5 10. Bc2 c5 11. Nbd2 Nc6 12. Nf1 Qc7 13. Ng3 Re8 14. a4 Rb8 15. axb5 axb5 16. h3 h6 17. Nh4 Bf8 18. Qf3 Qd8 19. Nhf5 Be6 20. Ra6 Rc8 21. Bb1 d5 22. exd5 Bxd5 23. Ne4 Re6 24. Qg3 Nxe4 25. dxe4 Rg6 26. Qf3 Bb3 27. Ba2 Bxa2 28. Rxa2 Rc7 29. Be3 Ra7 30. Rxa7 Nxa7 31. Rd1 Qc7 32. Rd5 Nc8 33. Qd1 Qc6 34. f3 Nb6 35. Rd8 Re6 36. b4 cxb4 37. cxb4 Nc4 38. Bc5 Re8 39. Kh2 h5 40. Ne7+ Bxe7 41. Qd5 Rxd8 42. Qxc6 Bg5 43. Qxb5 Bf4+ 44. g3 Rd2+ 45. Kh1 Rd1+ 46. Bg1 Be3 47. Qxc4 Rxg1+ 48. Kh2 h4 49. Qc8+ Kh7 50. Qf5+ Kg8 51. gxh4 f6 52. Qc8+ Kh7 53. Qc3 Bb6 54. Qb3 Re1 55. h5 Be3 56. b5 Re2+ 57. Kh1 Re1+ 58. Kg2 Rg1+ 59. Kh2 Bb6 60. Qe6 1-0

[Event "Olympiad-30"]
[Site "Manila"]
[Date "1992.06.12"]
[Round "5.4"]
[White "Michel Yunis, Christian D"]
[Black "Lkhagva, Jambaldoo"]
[Result "0-1"]
[WhiteElo "2355"]
[BlackElo "2310"]
[PlyCount "76"]
[EventDate "1992.06.08"]
[EventType "team-swiss"]
[EventRounds "14"]
[EventCountry "PHI"]
[SourceTitle "TD"]
[Source "ChessBase"]
[SourceDate "1994.03.01"]
[SourceVersion "1"]
[SourceVersionDate "1994.03.01"]
[SourceQuality "1"]
[WhiteTeam "Chile"]
[BlackTeam "Mongolia"]
[WhiteTeamCountry "CHI"]
[BlackTeamCountry "MGL"]

1. e4 e5 2. Nf3 Nc6 3. Bb5 a6 4. Ba4 Nf6 5. Bxc6 dxc6 6. d3 Bc5 7. Nbd2 Qe7 8. Nc4 Ng4 9. 0-0 f6 10. h3 Nh6 11. Bxh6 gxh6 12. Nh4 Be6 13. Qh5+ Qf7 14. Qxh6 0-0-0 15. Kh1 Rhg8 16. Nf5 Bxf5 17. exf5 Rg5 18. Nxe5 Qd5 19. Ng4 Rxf5 20. Nxf6 Qf7 21. Ne4 Bxf2 22. Qd2 Rf8 23. Rxf2 Rxf2 24. Nxf2 Qxf2 25. Qh6 Re8 26. Qg7 Qxc2 27. Qxh7 Qxb2 28. Rf1 Qxa2 29. Kh2 Qe2 30. Qf5+ Kb8 31. h4 b5 32. Rf2 Qe7 33. Qf6 Qxf6 34. Rxf6 b4 35. Rxc6 Kb7 36. Rc4 a5 37. h5 Kb6 38. g4 c5 0-1

[Event "Olympiad-29"]
[Site "Novi Sad"]
[Date "1990.11.24"]
[Round "7"]
[White "MacKay, Ian D"]
[Black "Lkhagva, Jambaldoo"]
[Result "0-1"]
[WhiteElo "2360"]
[BlackElo "2325"]
[PlyCount "56"]
[EventDate "1990.11.17"]
[EventType "team-swiss"]
[EventRounds "14"]
[EventCountry "YUG"]
[SourceTitle "EXT 2019"]
[Source "ChessBase"]
[SourceDate "2018.10.10"]
[SourceVersion "1"]
[SourceVersionDate "2018.10.10"]
[SourceQuality "1"]
[WhiteTeam "Scotland"]
[BlackTeam "Mongolia"]
[WhiteTeamCountry "SCO"]
[BlackTeamCountry "MGL"]

1. d4 Nf6 2. c4 e6 3. Nc3 Bb4 4. g3 c5 5. Nf3 cxd4 6. Nxd4 Ne4 7. Qc2 Qa5 8. Ndb5 a6 9. Qxe4 axb5 10. Bd2 bxc4 11. Qxc4 0-0 12. a3 d5 13. Qh4 Nc6 14. e3 Be7 15. Qh5 Qb6 16. Rb1 d4 17. Qb5 Qd8 18. exd4 Nxd4 19. Qd3 b6 20. Bg2 Ba6 21. Qe4 Ra7 22. Be3 Rd7 23. Bxd4 Rxd4 24. Qc6 Qb8 25. Rd1 Qe5+ 26. Be4 Rc8 27. f4 Rxd1+ 28. Nxd1 Qd4 0-1

[Event "Olympiad-29"]
[Site "Novi Sad"]
[Date "1990.11.20"]
[Round "4"]
[White "Lkhagva, Jambaldoo"]
[Black "Espig, Lutz"]
[Result "0-1"]
[WhiteElo "2325"]
[BlackElo "2505"]
[PlyCount "58"]
[EventDate "1990.11.17"]
[EventType "team-swiss"]
[EventRounds "14"]
[EventCountry "YUG"]
[SourceTitle "EXT 2019"]
[Source "ChessBase"]
[SourceDate "2018.10.10"]
[SourceVersion "1"]
[SourceVersionDate "2018.10.10"]
[SourceQuality "1"]
[WhiteTeam "Mongolia"]
[BlackTeam "German Dem Rep"]
[WhiteTeamCountry "MGL"]
[BlackTeamCountry "DDR"]

1. e4 c5 2. Nf3 e6 3. d4 cxd4 4. Nxd4 Nf6 5. Nc3 d6 6. g4 a6 7. g5 Nfd7 8. Be3 b5 9. a3 Nb6 10. Rg1 N8d7 11. h4 Bb7 12. h5 g6 13. Bh3 e5 14. Nde2 Nc5 15. Ng3 Be7 16. f4 Nc4 17. Bc1 exf4 18. Bxf4 Bxg5 19. Qg4 Bxf4 20. Qxf4 Nxb2 21. Kf1 Nc4 22. Nd5 Bxd5 23. exd5 Ne5 24. Re1 Qe7 25. Ne2 Ncd7 26. Kg2 Nf6 27. Nd4 Nxh5 28. Qh2 0-0 29. Rgf1 Qg5+ 0-1

[Event "Olympiad-29"]
[Site "Novi Sad"]
[Date "1990.11.19"]
[Round "3"]
[White "Lkhagva, Jambaldoo"]
[Black "Diaz Diaz, Joaquin Carlos"]
[Result "1/2-1/2"]
[WhiteElo "2325"]
[BlackElo "2420"]
[PlyCount "125"]
[EventDate "1990.11.17"]
[EventType "team-swiss"]
[EventRounds "14"]
[EventCountry "YUG"]
[SourceTitle "EXT 2019"]
[Source "ChessBase"]
[SourceDate "2018.10.10"]
[SourceVersion "1"]
[SourceVersionDate "2018.10.10"]
[SourceQuality "1"]
[WhiteTeam "Mongolia"]
[BlackTeam "Cuba"]
[WhiteTeamCountry "MGL"]
[BlackTeamCountry "CUB"]

1. e4 c5 2. Nf3 Nc6 3. Bb5 g6 4. 0-0 Bg7 5. Re1 e5 6. c3 Nge7 7. d4 cxd4 8. cxd4 Nxd4 9. Nxd4 exd4 10. Bf4 a6 11. Bc4 d6 12. Qa4+ Bd7 13. Qa3 Be5 14. Qf3 0-0 15. Bh6 Bg7 16. Bxg7 Kxg7 17. Nd2 Be6 18. Qb3 Bxc4 19. Qxc4 Nc6 20. Nb3 Qf6 21. Rad1 Rfe8 22. Qd3 Rac8 23. Nxd4 Nxd4 24. Qxd4 Qxd4 25. Rxd4 Rc2 26. Rb4 a5 27. Rxb7 Rxe4 28. Kf1 Rd4 29. Rb3 Rdd2 30. Rf3 Kf8 31. g4 Rc4 32. h3 Rxb2 33. Re6 Rd4 34. Ref6 Rb7 35. Rc3 Kg7 36. Rff3 Rbb4 37. Kg2 Rf4 38. Rxf4 Rxf4 39. Ra3 a4 40. Rd3 Rb4 41. Rxd6 Rb2 42. Rd4 Rxa2 43. g5 h6 44. h4 hxg5 45. hxg5 Kf8 46. Re4 a3 47. Re3 Ra1 48. Kh2 Rf1 49. Rxa3 Rxf2+ 50. Kg3 Rd2 51. Re3 Rd6 52. Kf4 Re6 53. Ra3 Rd6 54. Re3 Rd7 55. Re1 Re7 56. Rxe7 Kxe7 57. Ke5 Ke8 58. Ke4 Kd8 59. Kd4 Kc8 60. Ke5 Kd8 61. Kd4 Kd7 62. Kd5 Kd8 63. Kd4 1/2-1/2

[Event "Olympiad-25"]
[Site "Luzern"]
[Date "1982.11.13"]
[Round "13"]
[White "Lkhagva, Jambaldoo"]
[Black "Baumgartner, Heinz"]
[Result "0-1"]
[WhiteElo "2335"]
[BlackElo "2285"]
[PlyCount "98"]
[EventDate "1982.10.30"]
[EventType "team-swiss"]
[EventRounds "14"]
[EventCountry "SUI"]
[SourceTitle "EXT 1997"]
[Source "ChessBase"]
[SourceDate "1996.11.15"]
[SourceVersion "1"]
[SourceVersionDate "1996.11.15"]
[SourceQuality "1"]
[WhiteTeam "Mongolia"]
[BlackTeam "Austria"]
[WhiteTeamCountry "MGL"]
[BlackTeamCountry "AUT"]

1. e4 e5 2. Nf3 Nc6 3. Bb5 f5 4. d3 fxe4 5. dxe4 Nf6 6. 0-0 Bc5 7. Qd3 d6 8. Nc3 0-0 9. Bg5 Kh8 10. Nd5 Ne7 11. Nxf6 gxf6 12. Bh6 Rg8 13. Bc4 Rg6 14. Qd2 d5 15. b4 Bb6 16. Kh1 c6 17. Bd3 Ng8 18. Bg5 fxg5 19. Nxe5 Rg7 20. exd5 Bd4 21. Rae1 cxd5 22. f4 Qc7 23. Re2 g4 24. Bb5 Qc3 25. Rd1 Qxd2 26. Rdxd2 Bxe5 27. Rxe5 Nf6 28. c4 a6 29. Ba4 b5 30. cxb5 Bd7 31. Bb3 Bxb5 32. a4 Bd7 33. Bxd5 Nxd5 34. Rexd5 Re7 35. Kg1 Bxa4 36. Kf2 Rb7 37. R2d4 Rab8 38. Rd8+ Rxd8 39. Rxd8+ Kg7 40. Rd4 Rd7 41. Rc4 Bb5 42. Rc5 Rd4 43. Ke3 Rxb4 44. Rg5+ Kf8 45. Rxg4 a5 46. Kd2 a4 47. Rg3 Rb3 48. Kc2 Rxg3 49. hxg3 h5 0-1

[Event "Olympiad-24"]
[Site "Valetta"]
[Date "1980.11.28"]
[Round "8"]
[White "Donoso Velasco, Pedro H"]
[Black "Lkhagva, Jambaldoo"]
[Result "1-0"]
[WhiteElo "2430"]
[BlackElo "2330"]
[PlyCount "65"]
[EventDate "1980.11.20"]
[EventType "team-swiss"]
[EventRounds "14"]
[EventCountry "MLT"]
[SourceTitle "EXT 2000"]
[Source "ChessBase"]
[SourceDate "1999.11.16"]
[SourceVersion "1"]
[SourceVersionDate "1999.11.16"]
[SourceQuality "1"]
[WhiteTeam "Chile"]
[BlackTeam "Mongolia"]
[WhiteTeamCountry "CHI"]
[BlackTeamCountry "MGL"]

1. d4 Nf6 2. c4 e6 3. Nc3 Bb4 4. e3 0-0 5. Nf3 c5 6. Bd3 d5 7. 0-0 dxc4 8. Bxc4 Nbd7 9. Qe2 cxd4 10. exd4 Nb6 11. Bb3 Nbd5 12. Bd2 Be7 13. Ne5 a6 14. Rad1 Bd7 15. Rfe1 Bc6 16. Bg5 h6 17. Bc1 Rc8 18. Rd3 Bb5 19. Nxb5 Rxc1 20. Rxc1 Nf4 21. Qf3 Nxd3 22. Nxd3 axb5 23. Qxb7 Qxd4 24. Qxb5 Rd8 25. Rd1 Qh4 26. g3 Qg4 27. Qb7 Bc5 28. Kg2 Nd5 29. Qxf7+ Kxf7 30. Ne5+ Kf6 31. Nxg4+ Kf5 32. Kf3 h5 33. Bc2+ 1-0

[Event "Olympiad-24"]
[Site "Valetta"]
[Date "1980.11.26"]
[Round "6"]
[White "Bielczyk, Jacek"]
[Black "Lkhagva, Jambaldoo"]
[Result "0-1"]
[WhiteElo "2380"]
[BlackElo "2330"]
[PlyCount "60"]
[EventDate "1980.11.20"]
[EventType "team-swiss"]
[EventRounds "14"]
[EventCountry "MLT"]
[SourceTitle "EXT 2000"]
[Source "ChessBase"]
[SourceDate "1999.11.16"]
[SourceVersion "1"]
[SourceVersionDate "1999.11.16"]
[SourceQuality "1"]
[WhiteTeam "Poland"]
[BlackTeam "Mongolia"]
[WhiteTeamCountry "POL"]
[BlackTeamCountry "MGL"]

1. e4 c5 2. Nf3 Nc6 3. Bb5 g6 4. 0-0 Bg7 5. c3 a6 6. Bxc6 dxc6 7. Qe2 e5 8. d3 Ne7 9. Nbd2 0-0 10. Re1 b6 11. h3 Qc7 12. Nc4 a5 13. Be3 Ba6 14. b3 h6 15. Rad1 Rad8 16. a3 Rfe8 17. Nfd2 Nd5 18. exd5 cxd5 19. Nb2 d4 20. c4 dxe3 21. fxe3 e4 22. Nxe4 f5 23. Nf2 Bb7 24. Rb1 Bc3 25. Rec1 Bd4 26. Nbd1 Qc6 27. Ne4 fxe4 28. exd4 exd3 29. Qg4 Re1+ 30. Kf2 Re2+ 0-1

[Event "Olympiad-24"]
[Site "Valetta"]
[Date "1980.11.21"]
[Round "2"]
[White "Lkhagva, Jambaldoo"]
[Black "Georgiev, Krum"]
[Result "0-1"]
[WhiteElo "2330"]
[BlackElo "2455"]
[PlyCount "92"]
[EventDate "1980.11.20"]
[EventType "team-swiss"]
[EventRounds "14"]
[EventCountry "MLT"]
[SourceTitle "EXT 2000"]
[Source "ChessBase"]
[SourceDate "1999.11.16"]
[SourceVersion "1"]
[SourceVersionDate "1999.11.16"]
[SourceQuality "1"]
[WhiteTeam "Mongolia"]
[BlackTeam "Bulgaria"]
[WhiteTeamCountry "MGL"]
[BlackTeamCountry "BUL"]

1. e4 c5 2. Nf3 d6 3. d4 cxd4 4. Nxd4 Nf6 5. Nc3 a6 6. Be3 e6 7. f4 b5 8. Bd3 Bb7 9. 0-0 Nbd7 10. a3 Rc8 11. Kh1 Be7 12. Qf3 Rxc3 13. bxc3 Nc5 14. a4 bxa4 15. Rfb1 Qa8 16. Rb4 0-0 17. Rab1 Bxe4 18. Bxe4 Nfxe4 19. f5 d5 20. Bf4 a3 21. Ra1 Nd7 22. Bg3 e5 23. Ne2 Bxb4 24. cxb4 Qc6 25. Qxa3 Qxc2 26. Qxa6 Qb2 27. Be1 Nb8 28. Qa2 Qxa2 29. Rxa2 d4 30. Kg1 Rc8 31. Ng3 Nd6 32. Ra5 f6 33. Rd5 Nc4 34. b5 g6 35. fxg6 hxg6 36. Ne4 Kf7 37. Nd6+ Nxd6 38. Rxd6 Rc1 39. Kf2 Rb1 40. Ba5 Ke7 41. Rb6 Nd7 42. Rb7 Rb2+ 43. Kf1 e4 44. Bb6 d3 45. Be3 Ke6 46. b6 Ne5 0-1